Concept of the political (Record no. 134222)

MARC details
000 -LEADER
fixed length control field 01020nam a2200301Ia 4500
003 - CONTROL NUMBER IDENTIFIER
control field OSt
005 - DATE AND TIME OF LATEST TRANSACTION
control field 20220918170445.0
008 - FIXED-LENGTH DATA ELEMENTS--GENERAL INFORMATION
fixed length control field 220917b |||||||| |||| 00| 0 eng d
020 ## - INTERNATIONAL STANDARD BOOK NUMBER
International Standard Book Number 9780230363090 (pbk)
037 ## - SOURCE OF ACQUISITION
Terms of availability Textual
040 ## - CATALOGING SOURCE
Original cataloging agency ARTS
Transcribing agency ARTS
Language of cataloging eng
041 ## - LANGUAGE CODE
Source of code eng
Language code of text/sound track or separate title eng
100 ## - MAIN ENTRY--PERSONAL NAME
Personal name Morgenthau Hans J.
9 (RLIN) 29158
245 #0 - TITLE STATEMENT
Title Concept of the political
260 ## - PUBLICATION, DISTRIBUTION, ETC.
Place of publication, distribution, etc. New York
Name of publisher, distributor, etc. Palgrave Macmillan U.S.A
Date of publication, distribution, etc. 2012
300 ## - PHYSICAL DESCRIPTION
Extent x, 164p.
Dimensions cm.
490 ## - SERIES STATEMENT
Series statement Palgrave studies in interational relations
650 ## - SUBJECT ADDED ENTRY--TOPICAL TERM
Topical term or geographic name entry element POLITICAL SCIENCE
700 ## - ADDED ENTRY--PERSONAL NAME
Personal name Behr Hartmut Ed.
9 (RLIN) 29159
700 ## - ADDED ENTRY--PERSONAL NAME
Personal name Rosch Felix Ed.
9 (RLIN) 29160
700 ## - ADDED ENTRY--PERSONAL NAME
Personal name Vidal Maeva Tr.
9 (RLIN) 29161
942 ## - ADDED ENTRY ELEMENTS (KOHA)
Classification part V1:19, Q2
Koha item type Textual
Source of classification or shelving scheme Colon Classification (CC)
Holdings
Withdrawn status Lost status Damaged status Not for loan Home library Current library Date acquired Source of acquisition Cost, normal purchase price Total Checkouts Full call number Barcode Date last seen Cost, replacement price Price effective from Koha item type
        Arts Library Arts Library 2022-09-18 024/2012-13, 12/07/2012, Pioneer Book Distributors 1998.75   V1:19 Q2 AL1487389 2022-09-18 1998.75 2022-09-18 Textual
Copyright @ Delhi University Library System